00733nam a2200169 a 4500003000200000005001700002008004100019050002900060100002400089245013100113260009000244300004000334504004100374650004600415650004900461650005300510020250429101617.0080527s19uu xx 00 eng d aPHS HE 372.Z7b.C67 2005 aCordovez, Guseej E. aPerceptions of grade 11 students of Southville International School and Colleges on illegal drag racing /cGuseej E. Cordovez. aLas Piñas City, Philippines :bSouthville International School and Colleges,c2005. a19 pages :billustrations ;c28 cm. aIncludes bibliographical references. aDrag racingxSocial aspectszPhilippines. aIllegal racingxSocial aspectszPhilippines. aTraffic violationszPhilippinesxPublic opinion.